| 000 | 00642cab a2200229 4500 | ||
|---|---|---|---|
| 001 | WB3245-38 | ||
| 008 | 090401t1996 xxu||||| |||| 00| 0 eng d | ||
| 035 | _a(Sirsi) u60376 | ||
| 041 | _aeng | ||
| 245 | _aMaps drawn to order | ||
| 260 | _c1996 | ||
| 350 | _a0 | ||
| 490 |
_aDaily Telegraph Connected _v26 November 1996, (1) |
||
| 520 | _aCustomised maps can be obtained from the Ordnance Survey `National Topographic Database. | ||
| 650 | _aDIGITAL MAPPING | ||
| 650 | _aMAPS | ||
| 650 | _aNATIONAL TOPOGRAPHIC DATABASE | ||
| 650 | _aORDNANCE SURVEY | ||
| 690 | _aMAPPING AND MEASUREMENT | ||
| 942 | _n0 | ||
| 948 | _c04/03/1997 | ||
| 999 |
_c37220 _d37220 |
||